Catálogo
 En Linea

Consecuencias de un mundo mecánico / (Registro nro. 59776)

Detalles MARC
000 -CABECERA
campo de control de longitud fija 01896nam a2200301 i 4500
003 - IDENTIFICADOR DEL NÚMERO DE CONTROL
campo de control DO-SdBNP
005 - FECHA Y HORA DE LA ÚLTIMA TRANSACCIÓN
campo de control 20250812133847.0
007 - CAMPO FIJO DE DESCRIPCIÓN FÍSICA--INFORMACIÓN GENERAL
campo de control de longitud fija ta
008 - DATOS DE LONGITUD FIJA--INFORMACIÓN GENERAL
campo de control de longitud fija 250812b2025 dr |||| |||| 00| 0 spa d
040 ## - FUENTE DE LA CATALOGACIÓN
Centro catalogador/agencia de origen DO-SdBNP
Lengua de catalogación spa
Centro/agencia transcriptor BNPHU
Normas de descripción rda
041 ## - CÓDIGO DE LENGUA
Código de lengua del texto/banda sonora o título independiente spa
082 ## - NÚMERO DE LA CLASIFICACIÓN DECIMAL DEWEY
Número de clasificación xxx
Número de documento/Ítem C957
Número de edición 22
100 1# - ENTRADA PRINCIPAL--NOMBRE DE PERSONA
Nombre de persona Cruz Pascual, Francisco
Fechas asociadas al nombre 1956-
Término indicativo de función/relación autor
Código de función/relación aut.
9 (RLIN) 24825
245 10 - MENCIÓN DE TÍTULO
Título Consecuencias de un mundo mecánico /
Mención de responsabilidad, etc. Francisco Cruz Pascual ; introducción, Ángel Almánzar Valdez
250 ## - MENCIÓN DE EDICIÓN
Mención de edición Primera edición
264 #4 - PRODUCCIÓN, PUBLICACIÓN, DISTRIBUCIÓN, FABRICACIÓN Y COPYRIGHT
Producción, publicación, distribución, fabricación y copyright Santo Domingo :
Nombre del de productor, editor, distribuidor, fabricante Editorial Santuario,
Fecha de producción, publicación, distribución, fabricación o copyright 2025.
300 ## - DESCRIPCIÓN FÍSICA
Extensión 119 Páginas :
Dimensiones 24 cm.
336 ## - TIPO DE CONTENIDO
Término de tipo de contenido texto
Código de tipo de contenido txt
Fuente rdacontent
337 ## - TIPO DE MEDIO
Nombre/término del tipo de medio sin mediación
Código del tipo de medio n
Fuente rdamedia
338 ## - TIPO DE SOPORTE
Nombre/término del tipo de soporte volumen
Código del tipo de soporte nc
Fuente rdacarrier
500 ## - NOTA GENERAL
Nota general Incluye datos biografícos del autor en la solapa de la cubierta.
504 ## - NOTA DE BIBLIOGRAFÍA, ETC.
Nota de bibliografía, etc. Bibliografía p: 118-119.
520 ## - SUMARIO, ETC.
Sumario, etc. Este es un libro radical, lúcido y valiente. Nos describe una realidad que muchos nos negamos a ver y que otros ni siquiera tienen la capacidad de saber que la misma existe. Nos señala al detalle los errores que como individuos y sociedad cometemos al colocar la tecnología y el progreso por delante de nosotros mismos. Nos dice que, al hacerlo, nos desprendemos de nuestra humanidad a la vez que nos convertimos en parte del engranaje de la máquina. Apunta con precisión de orfebre cada signo, cada síntoma, de cómo nos vamos amoldando al engranaje de la máquina y las repercusiones que de ello se derivan. Sin contemplación alguna establece culpabilidades, sin que importe de quien se trate. Por igual no se queda en la denuncia, propone lo que tenemos que hacer como individuos, como familia, como sociedad y como Estado para salir de la trampa y evitar el colapso social.
590 ## - NOTA LOCAL (RLIN)
Nota local Inventariado, 2025/ YL
700 ## - PUNTO DE ACCESO ADICIONAL--NOMBRE DE PERSONA
Nombre de persona Almánzar Valdez, Ángel
Término indicativo de función/relación introducción
Código de función/relación int.
9 (RLIN) 88488
910 ## - DATOS DE OPCIÓN DEL USUARIO (OCLC)
Datos de opción del usuario Ylockward
942 ## - ELEMENTOS DE PUNTO DE ACCESO ADICIONAL (KOHA)
Fuente del sistema de clasificación o colocación Dewey Decimal Classification
Tipo de ítem Koha Libro
Existencias
Estado de retiro Estado de pérdida Fuente del sistema de clasificación o colocación Restricciones de uso No para préstamo Código de colección Localización permanente Ubicación/localización actual Ubicación en estantería Fecha de adquisición Fuente de adquisición Total de préstamos Signatura topográfica completa Código de barras Fecha visto por última vez Precio válido a partir de Tipo de ítem Koha Número de copia
    Dewey Decimal Classification Excluido de préstamo   Patrimonio Dominicano Biblioteca Nacional Pedro Henríquez Ureña Biblioteca Nacional Pedro Henríquez Ureña En catalogación 04.08.2025 Depósito Legal   BNPHU PD xxx C957 2025-8357 12.08.2025 12.08.2025 Libro  
    Dewey Decimal Classification Excluido de préstamo   Patrimonio Dominicano Biblioteca Nacional Pedro Henríquez Ureña Biblioteca Nacional Pedro Henríquez Ureña En catalogación 04.08.2025 Depósito Legal   BNPHU PD xxx C957 2025-8358 12.08.2025 12.08.2025 Libro e. 2
    Dewey Decimal Classification Préstamo en sala   Dominicana de Servicio Biblioteca Nacional Pedro Henríquez Ureña Biblioteca Nacional Pedro Henríquez Ureña En catalogación 04.08.2025 Depósito Legal   BNPHU DS xxx C957 2025-8359 12.08.2025 12.08.2025 Libro e. 3

Con tecnología Koha